| 000 | 00000nam 2200000zi 4500 |
| 001 | 9.932244 |
| 003 | CaOODSP |
| 005 | 20240216145202 |
| 006 | m o d f |
| 007 | cr |n||||||||| |
| 008 | 231117e201601 quca ob f000 0 eng d |
| 040 | |aCaOODSP|beng|erda|cCaOODSP |
| 043 | |an-cn--- |
| 086 | 1 |aEn4-643/2016E-PDF |
| 245 | 00|aEvaluation of the Weather Observations, Forecasts and Warnings (sub-program 2.1.1) : |bfinal report / |cAudit and Evaluation Branch. |
| 246 | 17|aEvaluation of the Weather Observations, Forecasts and Warning Program |
| 264 | 1|a[Gatineau QC] : |bEnvironment and Climate Change Canada, |cJanuary 2016. |
| 300 | |a1 online resource (ii, 30 pages) : |billustration |
| 336 | |atext|btxt|2rdacontent |
| 337 | |acomputer|bc|2rdamedia |
| 338 | |aonline resource|bcr|2rdacarrier |
| 500 | |aIssued also in French under title: Évaluation du sous-programme 2.1.1 : observations, prévisions et avertissements météorologiques : rapport final. |
| 504 | |aIncludes bibliographical references. |
| 610 | 20|aMeteorological Service of Canada|xEvaluation. |
| 650 | 0|aMeteorological services|zCanada|xEvaluation. |
| 710 | 1 |aCanada. |bEnvironment and Climate Change Canada. |bAudit and Evaluation Branch, |eissuing body. |
| 775 | 08|tÉvaluation du sous-programme 2.1.1 : |w(CaOODSP)9.934066 |
| 856 | 40|qPDF|s548 KB|uhttps://publications.gc.ca/collections/collection_2024/eccc/en4/En4-643-2016-eng.pdf |